het ek my geloof verloor (Record no. 769282)

MARC details
000 -LEADER
fixed length control field 00371nam a22001577a 4500
005 - DATE AND TIME OF LATEST TRANSACTION
control field 20241023084402.0
008 - FIXED-LENGTH DATA ELEMENTS--GENERAL INFORMATION
fixed length control field eng
020 ## - INTERNATIONAL STANDARD BOOK NUMBER
International Standard Book Number <a href="9780796322814">9780796322814</a>
Qualifying information (pbk)
040 ## - CATALOGING SOURCE
Original cataloging agency RDA
Transcribing agency 3228
041 ## - LANGUAGE CODE
Language Afrikaans
942 ## - ADDED ENTRY ELEMENTS
Creator ID 159
Creator Name Lindiwe Thabede
Modifier ID 159
Modifier Name Lindiwe Thabede
100 ## - MAIN ENTRY--PERSONAL NAME
Personal name Du Plessis Pierre
Dates associated with a name 2022
245 ## - TITLE STATEMENT
Title het ek my geloof verloor
260 ## - PUBLICATION, DISTRIBUTION, ETC.
Place of publication, distribution, etc. kapstad
Name of publisher, distributor, etc. lux verbi
Date of publication, distribution, etc. 2022
300 ## - PHYSICAL DESCRIPTION
Extent 184 pages
Dimensions 20cm
942 ## - ADDED ENTRY ELEMENTS
Source of classification or shelving scheme Dewey Decimal Classification
item type Book
Holdings
Withdrawn status Lost status Source of classification or shelving scheme Damaged status Not for loan Collection code Home library Current library Shelving location Date acquired Cost, normal purchase price Total Checkouts Full call number Barcode Date last seen Price effective from item type
    Dewey Decimal Classification     Fiction KWAMHLANGA REGIONAL LIBRARY PHUMULA Fiction 04.08.2025     AF DUPL 33228031084730 04.08.2025 04.08.2025 Book
    Dewey Decimal Classification     Fiction MBOMBELA REGIONAL LIBRARY White River Fiction 23.10.2024 180.00   AF DUPL 3228200025108 23.10.2024 23.10.2024 Book
    Dewey Decimal Classification     Fiction MBOMBELA REGIONAL LIBRARY White River Fiction 23.10.2024 180.00   AF DUPL 3228200025109 23.10.2024 23.10.2024 Book